sarana pathana yuwathiyata (Record no. 6061)
[ view plain ]
| 000 -LEADER | |
|---|---|
| fixed length control field | 00410nam a22001577a 4500 |
| 005 - DATE AND TIME OF LATEST TRANSACTION | |
| control field | 20250612011512.0 |
| 008 - FIXED-LENGTH DATA ELEMENTS--GENERAL INFORMATION | |
| fixed length control field | 250612b |||||||| |||| 00| 0 eng d |
| 020 ## - INTERNATIONAL STANDARD BOOK NUMBER | |
| ISBN | 9552053781 |
| 082 ## - DDC Classification | |
| DDC Edition Number | 22 |
| Class No. | 305 |
| 100 ## - MAIN ENTRY--PERSONAL NAME | |
| Personal name | Wijayawira ananda |
| 245 ## - TITLE STATEMENT | |
| Title | sarana pathana yuwathiyata |
| 260 ## - PUBLICATION, DISTRIBUTION, ETC. | |
| Place of publication, distribution, etc. | Colombo |
| Name of publisher, distributor, etc. | S.Godage & Brothers |
| Date of publication, distribution, etc. | 2002 |
| 300 ## - PHYSICAL DESCRIPTION | |
| Extent (e.g. Volumes, Pages etc.) | 74 p ., |
| 500 ## - GENERAL NOTE | |
| General note | A book on seeking refuge for the girl |
| 942 ## - Koha item type (Biblio) | |
| Koha item type | Books in Stacks (Lending) |
| Lost status | Damaged status | Collection code | Home library | Current library | Date acquired | Full call number | Accession Number | Item type |
|---|---|---|---|---|---|---|---|---|
| Lending | WERC Library | WERC Library | 06/12/2025 | 305 | 4782 | Books in Stacks (Lending) |
